| 000 | 02263nam a22003257a 4500 | ||
|---|---|---|---|
| 005 | 20110721162110.0 | ||
| 010 | _aENG-103097 B-459006-9010 | ||
| 020 |
_a9788132105817 _c795.00 |
||
| 035 | _aEN-86630 B-459006-9010 | ||
| 037 | _bDBAD / PUB | ||
| 037 | _bRBC/Ven | ||
| 082 | _a303.440954 | ||
| 100 |
_aKhalakdina, Margaret. _946244 |
||
| 245 |
_aHuman development in the Indian context : _ba socio-cultural focus / _cby Margaret Khalakdina |
||
| 260 |
_aNew Delhi _bSAGE Publications _c2011 |
||
| 270 |
_aB 1/I-1, Mohan Cooperative Industrial Area, Mathura Road _bNew Delhi _e110044 |
||
| 300 |
_av.2 (xxv,402p.) _c25cm (Hb) |
||
| 500 | _aIncludes glossary and index. | ||
| 500 | _aV.1 recd in 2009 | ||
| 505 | _aPreface -- Acknowledgements -- Introduction -- The hexagon of human development: the Indian setting -- Human development: bases and processes -- Origins of knowledge on human development -- Sources of knowledge on human development -- The methodological s | ||
| 650 |
_aSocial psychology _zIndia. _946245 |
||
| 942 |
_2ddc _cEN _h303.440954 _mKHA |
||
| 999 |
_c54201 _d54201 |
||